000 01163cam a2200217 a 4500
001 15876756
005 20260430062026.0
008 090821s2010 njua b 001 0 eng
020 _a9780691129945 (hbk.)
082 _a330.951 BAR
100 1 _aBardhan, Pranab K.
245 1 0 _aAwakening giants, feet of clay :
_bassessing the economic rise of China and India /
_cPranab Bardhan.
260 _aPrinceton, N.J :
_bPrinceton University Press,
_c2010.
300 _a172 p. ;
_bill. ;
_c25 cm.
365 _bRS.2883
505 0 _aIntroduction : the myths floating around the giants -- Economic reform and growth : differing patterns and institutions -- Agriculture : still the most crowded sector -- Infrastructure : the dazzling difference -- High saving, low financial intermediation -- The pattern of burgeoning capitalism -- Poverty and inequality : how is the growth shared? -- The social sector : the relevance of the socialist legacy -- Environment : the alarming signs -- Looking to the future : through the lens of political economy.
650 _aEconomic policy
650 _aEconomic conditions
650 _aSocial conditions
942 _2ddc
_cBK
999 _c34989
_d34989